Crises and liquidity evidence and interpretation
Guardado en:
| Autor principal: | |
|---|---|
| Otros Autores: | |
| Formato: | Libro |
| Lenguaje: | inglés |
| Publicado: |
Washington
International Monetary Fund
2001
|
| Colección: | IMF Working Paper
WP/01/2 |
| Materias: | |
| Etiquetas: |
Sin Etiquetas, Sea el primero en etiquetar este registro!
|
MARC
| LEADER | 00000nam a2200000 4500 | ||
|---|---|---|---|
| 001 | c124804 | ||
| 005 | 20221221091124.2 | ||
| 041 | 0 | |a eng | |
| 044 | |a US | ||
| 245 | 1 | 0 | |a Crises and liquidity |b evidence and interpretation |c Enrica Detragiache and Antonio Spilimbergo |
| 264 | 1 | |a Washington |b International Monetary Fund |c 2001 | |
| 300 | |a 29 s. | ||
| 490 | 1 | |a IMF Working Paper |v WP/01/2 | |
| 830 | 0 | |a IMF Working Paper |v WP/01/2 | |
| 610 | 2 | 0 | |a kríza |
| 610 | 2 | 0 | |a likvidita |
| 610 | 2 | 0 | |a kríza finančná |
| 610 | 2 | 0 | |a zadlženosť |
| 610 | 2 | 0 | |a veritelia |
| 610 | 2 | 0 | |a insolventnosť |
| 100 | 1 | |a Detragiache, Enrica | |
| 700 | 1 | |a Spilimbergo, Antonio | |